Statistics for Countries ending with, "Stan"

Click here to take the quiz!

General Stats

  • This quiz has been taken 277 times
  • The average score is 6 of 7

Answer Stats

Country% Correct
Afghanistan
95%
Pakistan
95%
Kazakhstan
90%
Uzbekistan
90%
Turkmenistan
89%
Tajikistan
87%
Kyrgyzstan
86%

Score Distribution

Percentile by Number Answered

Percent of People with Each Score

Your Score History

You have not taken this quiz